| 000 | 01083cam a2200289 i 4500 | ||
|---|---|---|---|
| 001 | 2801955 | ||
| 003 | ARRUPE | ||
| 005 | 20160323121720.0 | ||
| 008 | 810804s1979 fr af i000 0 eng | ||
| 010 | _a 81478937 | ||
| 015 | _aFr*** | ||
| 020 | _a9231017225 (pbk.) | ||
| 040 |
_aDLC _cDLC _dDLC |
||
| 043 | _af-gv--- | ||
| 050 | 0 | 0 |
_aNX770.G84 _bG84 1979 |
| 082 | 0 | 0 |
_a354.66/520085 _219 |
| 110 | 1 |
_aGuinea. _bMinistère du domaine de l'éducation et de la culture. _923318 |
|
| 245 | 1 | 0 |
_aCultural policy in the Revolutionary People's Republic of Guinea / _cMinistry of Education and Culture, under the auspices of the Guinean National Commission for Unesco. |
| 260 |
_aParis : _bUnesco, _c1979. |
||
| 300 |
_a90 p., [2] leaves of plates : _bill. ; _c24 cm. |
||
| 440 | 0 |
_aStudies and documents on cultural policies _923319 |
|
| 650 | 0 |
_aArts _zGuinea _xManagement. _923320 |
|
| 650 | 0 |
_aArt and state _zGuinea. _923321 |
|
| 710 | 1 |
_aGuinea. _bGuinean National Commission for Unesco. _923322 |
|
| 906 |
_a7 _bcbc _corignew _d4 _encip _f19 _gy-gencatlg |
||
| 942 |
_2lcc _cMONOGRAPH |
||
| 999 |
_c124473 _d124473 |
||